[Event "Solingen Karneval op"]
[Site "Solingen"]
[Date "2013.02.10"]
[Round "4"]
[White "Anders, Cedric"]
[Black "Hammermeister, Udo"]
[Result "0-1"]
[WhiteElo "1349"]
[BlackElo "1732"]
[PlyCount "55"]
[EventDate "2013.02.08"]
[EventType "swiss"]
[EventRounds "5"]
[EventCountry "GER"]
[SourceTitle "EXT 2015"]
[Source "ChessBase"]
[SourceDate "2014.11.20"]
[SourceVersion "1"]
[SourceVersionDate "2014.11.20"]
[SourceQuality "1"]

1. e4 e5 2. Nf3 Nf6 3. Nc3 Nc6 4. Bc4 Bb4 5. d3 d6 6. Bd2 Bg4 7. h3 Bh5 8. Bb5 0-0 9. Bxc6 bxc6 10. g4 Bg6 11. Qe2 Re8 12. 0-0-0 d5 13. Rhe1 d4 14. Nb1 Bf8 15. Bg5 Qd6 16. Nbd2 Nd7 17. Nc4 Qb4 18. Qd2 Qb5 19. Qa5 Qb7 20. Nfd2 f6 21. Bh4 Bf7 22. Rf1 Rab8 23. Qa4 Nb6 24. Qb3 Qa6 25. a3 Nxc4 26. Nxc4 Rxb3 27. cxb3 Rb8 28. Kc2 0-1

[Event "Solingen Karneval op"]
[Site "Solingen"]
[Date "2013.02.09"]
[Round "2"]
[White "Anders, Cedric"]
[Black "Tresch, Lukas"]
[Result "0-1"]
[WhiteElo "1349"]
[BlackElo "1681"]
[PlyCount "78"]
[EventDate "2013.02.08"]
[EventType "swiss"]
[EventRounds "5"]
[EventCountry "GER"]
[SourceTitle "EXT 2015"]
[Source "ChessBase"]
[SourceDate "2014.11.20"]
[SourceVersion "1"]
[SourceVersionDate "2014.11.20"]
[SourceQuality "1"]

1. e4 c5 2. d4 cxd4 3. c3 d3 4. Bxd3 Nc6 5. Nf3 d6 6. 0-0 Bg4 7. Be3 Nf6 8. Nbd2 g6 9. h3 Bd7 10. Nb3 Bg7 11. Qd2 0-0 12. Bh6 a6 13. Bxg7 Kxg7 14. Bc2 Na5 15. Rfe1 Nc4 16. Qc1 b5 17. e5 dxe5 18. Nxe5 Nxe5 19. Rxe5 e6 20. Nd4 Qc7 21. Qe3 Nd5 22. Qe1 Nb6 23. Bb3 Nc4 24. Bxc4 Qxc4 25. b3 Qc7 26. Rc1 Rac8 27. c4 bxc4 28. Rxc4 Qd6 29. Rxc8 Rxc8 30. Qa1 f6 31. Re1 e5 32. Nf3 Rc2 33. Rd1 Qc7 34. Ne1 Re2 35. Rd3 Bf5 36. Rc3 Qb6 37. Re3 Rxe3 38. fxe3 Qxe3+ 39. Kh2 Qd2 0-1